Statistics for Generator Dash #13

Click here to take the quiz!

General Stats

  • This quiz has been taken 52 times
  • The average score is 8 of 11

Answer Stats

Hint Answer % Correct
Caribbean country (5)Haiti
93%
Emerald Isle people (5)Irish
91%
Large African beast (5)Rhino
91%
Brass instrument (4)Horn
86%
Plant spike (5)Thorn
84%
Japanese religion (6)Shinto
81%
Biblical mariner (4)Noah
70%
Jewish scriptures (5)Torah
70%
9-Letter WordHISTORIAN
56%
Discolour, stain (7)Tarnish
44%
Doth speak (5)Saith
35%

Score Distribution

Percentile by Number Answered

Percent of People with Each Score

Your Score History

You have not taken this quiz